Poistenie rizík informačných technológií bakalárska práca

Enregistré dans:
Détails bibliographiques
Auteur principal: Lenická, Svetlana
Collectivité auteur: Národohospodárska fakulta EU. Katedra poisťovníctva
Autres auteurs: Marko, Peter
Format: Livre
Langue:slovaque
Publié: Bratislava 2014
Tags: Ajouter un tag
Pas de tags, Soyez le premier à ajouter un tag!

MARC

LEADER 00000nbm a2200000 4500
001 0189454
005 20170201085656.6
041 0 |a slo 
044 |a SK 
245 1 0 |a Poistenie rizík informačných technológií  |b bakalárska práca  |c Svetlana Lenická ; školiteľ: Peter Marko 
264 1 |a Bratislava  |c 2014 
300 |a 51 s. 
100 1 |a Lenická, Svetlana 
700 1 |a Marko, Peter 
710 2 |a Národohospodárska fakulta EU. Katedra poisťovníctva